000 00370nam a22001457a 4500
020 _a978-0-357-51540-2
082 _a657.45
_b
100 _aKnapp, Michael C
245 _aContemporary Auditing:
_bReal Issues and Cases
250 _a12th
260 _aBoston:
_bCengage Learning,
_c2022
300 _axxi, 675p.: ill.; 26cm
500 _aInclude Index
942 _cBK
999 _c22086
_d22086